[Event "Hull CC 29 Ann-B"]
[Site "Gatineau CAN"]
[Date "2008.09.23"]
[Round "3"]
[White "Rainey, Ivan"]
[Black "Villeneuve, Luc"]
[Result "1-0"]
[WhiteElo "1299"]
[BlackElo "1467"]
[PlyCount "27"]
[GameId "2160767910319890"]
[EventDate "2008.09.09"]
[EventType "swiss"]
[EventRounds "5"]
[EventCountry "CAN"]
[SourceTitle "EXT 2022"]
[Source "ChessBase"]
[SourceDate "2021.10.06"]
[SourceVersion "1"]
[SourceVersionDate "2021.10.06"]
[SourceQuality "1"]

1. e4 c5 2. Nf3 Nc6 3. d4 cxd4 4. Nxd4 Qb6 5. Be3 Qxb2 6. Bc4 Qxa1 7. Nxc6 Qf6 8. Nxa7 e6 9. Bd4 Qd8 10. f4 Qa5+ 11. Nc3 Rxa7 12. O-O Ra8 13. f5 Bc5 14. fxe6 1-0

[Event "Hull CC 29 Ann-B"]
[Site "Gatineau CAN"]
[Date "2008.09.23"]
[Round "3"]
[White "Sunatori, Evelyne"]
[Black "Levesque, Andre"]
[Result "0-1"]
[WhiteElo "1170"]
[BlackElo "1418"]
[PlyCount "78"]
[GameId "2160767910319891"]
[EventDate "2008.09.09"]
[EventType "swiss"]
[EventRounds "5"]
[EventCountry "CAN"]
[SourceTitle "EXT 2022"]
[Source "ChessBase"]
[SourceDate "2021.10.06"]
[SourceVersion "1"]
[SourceVersionDate "2021.10.06"]
[SourceQuality "1"]

1. e4 c5 2. Nf3 Nc6 3. d4 cxd4 4. Nxd4 g6 5. Nc3 Bg7 6. Be3 Nf6 7. Bc4 Qa5 8. Nb3 Qb4 9. Qd3 Ne5 10. Bxf7+ Kxf7 11. Qd4 Qxd4 12. Nxd4 Nc4 13. Bc1 Nxe4 14. Nxe4 Bxd4 15. Ng5+ Ke8 16. c3 Bb6 17. O-O h6 18. Nf3 g5 19. b3 Nd6 20. Re1 Rf8 21. h3 Nf5 22. Re2 Ng3 23. Rc2 d6 24. Ba3 g4 25. hxg4 Bxg4 26. Re1 Nf5 27. Rd2 Rg8 28. Kf1 Bxf3 29. gxf3 Nh4 30. Rd3 Kf7 31. Re4 Ng6 32. Rg4 h5 33. Rg5 h4 34. Rf5+ Ke6 35. Rdd5 Ne5 36. Rdxe5+ dxe5 37. Rh5 Rh8 38. Rxh8 Rxh8 39. Kg2 Kf6 0-1

[Event "Hull CC 29 Ann-B"]
[Site "Gatineau CAN"]
[Date "2008.09.23"]
[Round "3"]
[White "Thibault, Mario"]
[Black "Lavergne, Daniel"]
[Result "0-1"]
[WhiteElo "1633"]
[BlackElo "1606"]
[PlyCount "84"]
[GameId "2160767910319892"]
[EventDate "2008.09.09"]
[EventType "swiss"]
[EventRounds "5"]
[EventCountry "CAN"]
[SourceTitle "EXT 2022"]
[Source "ChessBase"]
[SourceDate "2021.10.06"]
[SourceVersion "1"]
[SourceVersionDate "2021.10.06"]
[SourceQuality "1"]

1. Nf3 d5 2. b3 Nf6 3. e3 e6 4. Bb2 Be7 5. Be2 O-O 6. O-O Nbd7 7. c4 a6 8. d4 Ne4 9. Nc3 Ndf6 10. Ne5 Nxc3 11. Bxc3 Ne4 12. Bb2 f6 13. Nd3 Bd7 14. f3 Ng5 15. Rc1 dxc4 16. bxc4 c5 17. Qd2 Qc7 18. Nf2 Rad8 19. f4 Nf7 20. Ne4 Bc6 21. Qc2 f5 22. Nd2 Bf6 23. Nb3 Be4 24. Bd3 Bxd3 25. Qxd3 b6 26. Qe2 Rd7 27. Rcd1 Nd6 28. Nd2 Qc6 29. Nf3 cxd4 30. Ne5 Bxe5 31. fxe5 Nxc4 32. Bxd4 b5 33. Rc1 Qe4 34. Rf4 Qd5 35. a4 Qb7 36. axb5 axb5 37. Ra1 Ra8 38. Rff1 Rxa1 39. Rxa1 Qe4 40. Qh5 g6 41. Qg5 Rxd4 42. exd4 Qxd4+ 0-1

[Event "Hull CC 29 Ann-B"]
[Site "Gatineau CAN"]
[Date "2008.09.30"]
[Round "4"]
[White "Arsenault, Michel"]
[Black "Laurin, Jacques"]
[Result "0-1"]
[WhiteElo "1989"]
[BlackElo "1819"]
[PlyCount "88"]
[GameId "2160767910319893"]
[EventDate "2008.09.09"]
[EventType "swiss"]
[EventRounds "5"]
[EventCountry "CAN"]
[SourceTitle "EXT 2022"]
[Source "ChessBase"]
[SourceDate "2021.10.06"]
[SourceVersion "1"]
[SourceVersionDate "2021.10.06"]
[SourceQuality "1"]

1. c4 e5 2. g3 f5 3. Nc3 Nf6 4. Bg2 c6 5. d4 e4 6. d5 Bb4 7. Qb3 Qe7 8. h4 Na6 9. Bd2 Nc5 10. Qc2 Nd3+ 11. Kf1 Nxf2 12. Kxf2 e3+ 13. Kf1 exd2 14. Qxf5 Bxc3 15. bxc3 Nxd5 16. Qd3 Ne3+ 17. Kf2 Ng4+ 18. Kf1 O-O+ 19. Bf3 Qe3 20. Kg2 Rxf3 21. Nxf3 Qf2+ 22. Kh3 Ne3 23. Rhg1 d5+ 24. g4 h5 25. Ne5 hxg4+ 26. Nxg4 d1=Q 27. Raxd1 Nxd1 28. Qxd1 Qe3+ 29. Kh2 Qf4+ 30. Kh3 Be6 31. cxd5 cxd5 32. Qd4 Rf8 33. e3 Qf2 34. Rg2 Rf3+ 35. Kh2 Qxh4+ 36. Kg1 Bxg4 37. Qxg4 Qxg4 38. Rxg4 Rxe3 39. c4 Re4 40. Rxe4 dxe4 41. Kf2 Kf7 42. Ke3 Ke6 43. Kxe4 g5 44. a4 a5 0-1

[Event "Hull CC 29 Ann-B"]
[Site "Gatineau CAN"]
[Date "2008.09.30"]
[Round "4"]
[White "Arsenault, Yves"]
[Black "Menard, Marc"]
[Result "1-0"]
[WhiteElo "1458"]
[BlackElo "1574"]
[PlyCount "107"]
[GameId "2160767910319894"]
[EventDate "2008.09.09"]
[EventType "swiss"]
[EventRounds "5"]
[EventCountry "CAN"]
[SourceTitle "EXT 2022"]
[Source "ChessBase"]
[SourceDate "2021.10.06"]
[SourceVersion "1"]
[SourceVersionDate "2021.10.06"]
[SourceQuality "1"]

1. e4 e5 2. Nf3 Nc6 3. Bc4 Nf6 4. Nc3 Be7 5. O-O O-O 6. b3 d6 7. Bb2 h6 8. h3 Be6 9. Be2 Nd4 10. Nxd4 exd4 11. Nb5 c5 12. d3 a6 13. Na3 d5 14. e5 Nd7 15. f4 f6 16. f5 Bxf5 17. Rxf5 Nxe5 18. c3 dxc3 19. Bxc3 d4 20. Bd2 Qd7 21. Bg4 Qc6 22. Bf3 Qd7 23. Be4 b5 24. Nc2 Ra7 25. Ne1 c4 26. bxc4 bxc4 27. dxc4 Nxc4 28. Qb3 Rc8 29. Rd5 Qe6 30. Qd3 Nxd2 31. Qxd2 Qxe4 32. Ra5 Qe3+ 33. Qf2 Bb4 34. Rd5 Re7 35. Kf1 Rce8 36. Nf3 Qd3+ 37. Kg1 Re2 38. Qg3 Qe3+ 39. Kh2 d3 40. Qg4 Qf2 41. Rxd3 f5 42. Qc4+ Kh8 43. Rg1 Bc5 44. Qc3 h5 45. Rd7 Rg8 46. Rf7 Rxa2 47. Rxf5 Bd6+ 48. Kh1 Kh7 49. Rxh5+ Kg6 50. Rg5+ Kh6 51. Qd3 g6 52. Qxd6 Rg7 53. Qf8 a5 54. Rg4 1-0

[Event "Hull CC 29 Ann-B"]
[Site "Gatineau CAN"]
[Date "2008.09.30"]
[Round "4"]
[White "Blouin, Francois"]
[Black "Lacourse, Guy"]
[Result "1/2-1/2"]
[WhiteElo "1604"]
[BlackElo "1562"]
[PlyCount "76"]
[GameId "2160767910319895"]
[EventDate "2008.09.09"]
[EventType "swiss"]
[EventRounds "5"]
[EventCountry "CAN"]
[SourceTitle "EXT 2022"]
[Source "ChessBase"]
[SourceDate "2021.10.06"]
[SourceVersion "1"]
[SourceVersionDate "2021.10.06"]
[SourceQuality "1"]

1. e4 c5 2. Nc3 Nc6 3. g3 Nf6 4. Bg2 g6 5. d3 Bg7 6. h3 e5 7. Be3 d6 8. Qd2 Nd4 9. Nce2 Be6 10. Nxd4 cxd4 11. Bh6 Bxh6 12. Qxh6 Qa5+ 13. Qd2 Qxd2+ 14. Kxd2 O-O 15. Ne2 Nd7 16. h4 Bg4 17. f3 Be6 18. Bh3 Bxh3 19. Rxh3 f5 20. h5 fxe4 21. fxe4 Kg7 22. hxg6 hxg6 23. Rah1 Nf6 24. Rh4 Rh8 25. Rxh8 Rxh8 26. Rxh8 Kxh8 27. c3 dxc3+ 28. Kxc3 Kg7 29. Kc4 Kf7 30. b4 Ke6 31. Nc3 a6 32. a4 b6 33. a5 bxa5 34. bxa5 g5 35. Nb5 Ne8 36. Nc3 Nc7 37. Kb4 Kf6 38. Kc4 Ke6 1/2-1/2

[Event "Hull CC 29 Ann-B"]
[Site "Gatineau CAN"]
[Date "2008.09.30"]
[Round "4"]
[White "Carriere, Stephen"]
[Black "Villeneuve, Luc"]
[Result "1-0"]
[WhiteElo "1290"]
[BlackElo "1467"]
[PlyCount "43"]
[GameId "2160767910319896"]
[EventDate "2008.09.09"]
[EventType "swiss"]
[EventRounds "5"]
[EventCountry "CAN"]
[SourceTitle "EXT 2022"]
[Source "ChessBase"]
[SourceDate "2021.10.06"]
[SourceVersion "1"]
[SourceVersionDate "2021.10.06"]
[SourceQuality "1"]

1. e4 c5 2. Nf3 d6 3. Bc4 Nf6 4. e5 dxe5 5. Nxe5 e6 6. Bb5+ Nbd7 7. d4 cxd4 8. Qxd4 Be7 9. O-O O-O 10. Nc3 Nxe5 11. Qxe5 a6 12. Be2 Bd6 13. Qg5 Qc7 14. Qh4 b5 15. Bg5 Be7 16. Bd3 h6 17. Bxh6 gxh6 18. Qxh6 Bb7 19. g4 Qc6 20. f3 Bc5+ 21. Kg2 e5 22. Nd5 1-0

[Event "Hull CC 29 Ann-B"]
[Site "Gatineau CAN"]
[Date "2008.09.30"]
[Round "4"]
[White "Guimond, Michel"]
[Black "Briere, Gilles"]
[Result "1-0"]
[WhiteElo "1866"]
[BlackElo "1289"]
[PlyCount "45"]
[GameId "2160767910319897"]
[EventDate "2008.09.09"]
[EventType "swiss"]
[EventRounds "5"]
[EventCountry "CAN"]
[SourceTitle "EXT 2022"]
[Source "ChessBase"]
[SourceDate "2021.10.06"]
[SourceVersion "1"]
[SourceVersionDate "2021.10.06"]
[SourceQuality "1"]

1. e4 c5 2. Nf3 Nc6 3. d4 cxd4 4. Nxd4 e6 5. Nc3 Bb4 6. Ndb5 d6 7. a3 Bxc3+ 8. bxc3 Ke7 9. a4 a6 10. Nxd6 Kf8 11. Ba3 Nge7 12. Qh5 g6 13. Qg5 Kg7 14. Be2 f6 15. Qg3 e5 16. h4 h5 17. O-O Qc7 18. f4 exf4 19. Qxf4 Qb6+ 20. Kh1 Rf8 21. Ne8+ Kh8 22. Nxf6 Bf5 23. Qh6# 1-0

[Event "Hull CC 29 Ann-B"]
[Site "Gatineau CAN"]
[Date "2008.09.30"]
[Round "4"]
[White "Jani, Louis"]
[Black "Rainey, Ivan"]
[Result "1-0"]
[WhiteElo "1416"]
[BlackElo "1299"]
[PlyCount "41"]
[GameId "2160767910319898"]
[EventDate "2008.09.09"]
[EventType "swiss"]
[EventRounds "5"]
[EventCountry "CAN"]
[SourceTitle "EXT 2022"]
[Source "ChessBase"]
[SourceDate "2021.10.06"]
[SourceVersion "1"]
[SourceVersionDate "2021.10.06"]
[SourceQuality "1"]

1. e4 c6 2. d4 d5 3. exd5 cxd5 4. Nf3 Nc6 5. c3 Nf6 6. Qa4 e6 7. Ne5 a6 8. Bg5 Bd6 9. Bxf6 gxf6 10. Nxc6 Qb6 11. Nb4+ Bd7 12. Qc2 Bxb4 13. Bd3 Bd6 14. g3 O-O-O 15. Bxh7 f5 16. Bxf5 exf5 17. f4 Rde8+ 18. Kf2 Bxf4 19. Nd2 Bg5 20. Nf3 Be3+ 21. Kg2 1-0

[Event "Hull CC 29 Ann-B"]
[Site "Gatineau CAN"]
[Date "2008.09.30"]
[Round "4"]
[White "Jiang, Qizhe"]
[Black "Thibault, David"]
[Result "0-1"]
[WhiteElo "1006"]
[BlackElo "1700"]
[PlyCount "44"]
[GameId "2160767910319899"]
[EventDate "2008.09.09"]
[EventType "swiss"]
[EventRounds "5"]
[EventCountry "CAN"]
[SourceTitle "EXT 2022"]
[Source "ChessBase"]
[SourceDate "2021.10.06"]
[SourceVersion "1"]
[SourceVersionDate "2021.10.06"]
[SourceQuality "1"]

1. e4 e5 2. Nf3 Nc6 3. Bc4 h6 4. a3 Nf6 5. Nc3 Bc5 6. h3 d6 7. d3 Bd7 8. Nd5 a6 9. Bd2 Nh7 10. O-O Ne7 11. Ba5 Nxd5 12. Bxd5 Qc8 13. Rc1 O-O 14. Qd2 Ba7 15. Bb4 Kh8 16. Qe2 f5 17. Nh4 Rf6 18. Nf3 c6 19. Ba2 fxe4 20. Qxe4 Bxh3 21. gxh3 Qxh3 22. Nh4 Bxf2+ 0-1

[Event "Hull CC 29 Ann-B"]
[Site "Gatineau CAN"]
[Date "2008.09.30"]
[Round "4"]
[White "Lavergne, Daniel"]
[Black "Danilov, Alex"]
[Result "1/2-1/2"]
[WhiteElo "1690"]
[BlackElo "1906"]
[PlyCount "75"]
[GameId "2160767910319900"]
[EventDate "2008.09.09"]
[EventType "swiss"]
[EventRounds "5"]
[EventCountry "CAN"]
[SourceTitle "EXT 2022"]
[Source "ChessBase"]
[SourceDate "2021.10.06"]
[SourceVersion "1"]
[SourceVersionDate "2021.10.06"]
[SourceQuality "1"]

1. e4 c5 2. Nc3 Nc6 3. d3 g6 4. g3 Bg7 5. Bg2 e6 6. Nge2 Nge7 7. Be3 d6 8. Qd2 O-O 9. Bh6 Bxh6 10. Qxh6 Nd4 11. O-O-O Nec6 12. h4 Qf6 13. Nf4 Qg7 14. Qxg7+ Kxg7 15. Nce2 Nxe2+ 16. Nxe2 Bd7 17. d4 Rad8 18. dxc5 dxc5 19. f4 e5 20. a3 Bg4 21. Rxd8 Rxd8 22. Nc3 f6 23. Bf1 a6 24. Be2 Bxe2 25. Nxe2 Nd4 26. Nxd4 Rxd4 27. Re1 exf4 28. gxf4 Kh6 29. e5 fxe5 30. fxe5 Kg7 31. e6 Kf8 32. Rf1+ Ke8 33. h5 gxh5 34. Rf7 h4 35. Rxh7 b5 36. Ra7 Rd6 37. Rh7 Rxe6 38. Rxh4 1/2-1/2

[Event "Hull CC 29 Ann-B"]
[Site "Gatineau CAN"]
[Date "2008.09.30"]
[Round "4"]
[White "Levesque, Andre"]
[Black "Berthiaume, Serge"]
[Result "0-1"]
[WhiteElo "1418"]
[BlackElo "1246"]
[PlyCount "54"]
[GameId "2160767910319901"]
[EventDate "2008.09.09"]
[EventType "swiss"]
[EventRounds "5"]
[EventCountry "CAN"]
[SourceTitle "EXT 2022"]
[Source "ChessBase"]
[SourceDate "2021.10.06"]
[SourceVersion "1"]
[SourceVersionDate "2021.10.06"]
[SourceQuality "1"]

1. e4 e5 2. Nf3 Nc6 3. Bb5 d6 4. c3 Bd7 5. d4 a6 6. Ba4 Na5 7. O-O f6 8. Re1 b5 9. Bc2 Ne7 10. Nbd2 Ng6 11. b4 Nc4 12. Nxc4 bxc4 13. Nd2 a5 14. Nxc4 axb4 15. cxb4 Be7 16. dxe5 fxe5 17. Bb3 Bg5 18. Ne3 Nf4 19. Nd5 Nxd5 20. exd5 Ra7 21. Qh5+ g6 22. Qxg5 Qb8 23. a3 c6 24. Bc4 Bc8 25. Re3 Qb6 26. Rf3 Qd4 27. Rf7 Rxf7 0-1

[Event "Hull CC 29 Ann-B"]
[Site "Gatineau CAN"]
[Date "2008.09.30"]
[Round "4"]
[White "MacIsaac, Alexandre"]
[Black "Labelle, Raymond"]
[Result "1-0"]
[WhiteElo "1356"]
[BlackElo "1314"]
[PlyCount "67"]
[GameId "2160767910319902"]
[EventDate "2008.09.09"]
[EventType "swiss"]
[EventRounds "5"]
[EventCountry "CAN"]
[SourceTitle "EXT 2022"]
[Source "ChessBase"]
[SourceDate "2021.10.06"]
[SourceVersion "1"]
[SourceVersionDate "2021.10.06"]
[SourceQuality "1"]

1. e4 e5 2. Nf3 Nc6 3. Bb5 d6 4. O-O Bd7 5. c3 Nf6 6. Re1 Be7 7. d4 O-O 8. Nbd2 a6 9. Bc4 Bg4 10. h3 Bh5 11. g4 Nxg4 12. hxg4 Bxg4 13. d5 Na5 14. Bf1 b5 15. Qc2 f5 16. Nh2 Bh4 17. Ndf3 Be7 18. Bg2 Qd7 19. Nxg4 fxg4 20. Nh2 Bh4 21. Rf1 Rf6 22. f3 g3 23. Ng4 Rg6 24. Bh3 Kh8 25. Nxe5 Qxh3 26. Nxg6+ hxg6 27. Qg2 Qd7 28. Qh1 Qe7 29. Qh3 Rf8 30. Qe6 Qd8 31. Qxg6 Rf6 32. Qg4 Rf7 33. Kg2 Nc4 34. Rh1 1-0

[Event "Hull CC 29 Ann-B"]
[Site "Gatineau CAN"]
[Date "2008.09.30"]
[Round "4"]
[White "Sabourin, Yves"]
[Black "Berthiaume, Patrick"]
[Result "1/2-1/2"]
[WhiteElo "168"]
[BlackElo "1201"]
[PlyCount "93"]
[GameId "2160767910319903"]
[EventDate "2008.09.09"]
[EventType "swiss"]
[EventRounds "5"]
[EventCountry "CAN"]
[SourceTitle "EXT 2022"]
[Source "ChessBase"]
[SourceDate "2021.10.06"]
[SourceVersion "1"]
[SourceVersionDate "2021.10.06"]
[SourceQuality "1"]

1. d4 d5 2. c4 c6 3. Nc3 Nf6 4. Bg5 e6 5. Nf3 Bb4 6. a3 Bxc3+ 7. bxc3 h6 8. Bh4 dxc4 9. e3 g5 10. Bg3 b5 11. Qc2 Nbd7 12. Ne5 Nxe5 13. Bxe5 Ke7 14. g3 Bd7 15. Bg2 Qb6 16. Qb2 a5 17. O-O Rhf8 18. Rfb1 Nd5 19. Bxd5 cxd5 20. Bg7 Rg8 21. Bxh6 Rg6 22. Bxg5+ Rxg5 23. a4 Rb8 24. h4 Rh5 25. Qe2 Rhh8 26. Qg4 Rbg8 27. Qe2 f5 28. Qb2 Rb8 29. axb5 Bxb5 30. Qa3+ Kf6 31. Qxa5 Qxa5 32. Rxa5 Bd7 33. Rba1 Ke7 34. Ra7 Rbd8 35. Rc7 Rc8 36. Rxc8 Bxc8 37. Ra8 Re8 38. Kg2 Bd7 39. Rxe8+ Bxe8 40. Kf3 Bh5+ 41. Kg2 Kf6 42. f4 Ke7 43. Kf2 Kd6 44. Ke1 Kc6 45. Kd2 Kb5 46. Kc2 Ka4 47. Kb2 1/2-1/2

[Event "Hull CC 29 Ann-B"]
[Site "Gatineau CAN"]
[Date "2008.09.30"]
[Round "4"]
[White "Sunatori, Evelyne"]
[Black "Duret, Serge"]
[Result "1/2-1/2"]
[WhiteElo "1170"]
[BlackElo "1021"]
[PlyCount "95"]
[GameId "2160767910319904"]
[EventDate "2008.09.09"]
[EventType "swiss"]
[EventRounds "5"]
[EventCountry "CAN"]
[SourceTitle "EXT 2022"]
[Source "ChessBase"]
[SourceDate "2021.10.06"]
[SourceVersion "1"]
[SourceVersionDate "2021.10.06"]
[SourceQuality "1"]

1. e4 c5 2. Nf3 d6 3. d4 cxd4 4. Nxd4 Nf6 5. Nc3 g6 6. Bc4 Bg7 7. O-O O-O 8. Bb3 Nc6 9. Be3 Ng4 10. h3 Nxe3 11. fxe3 a6 12. Qd3 b5 13. Nxc6 Qb6 14. Nxe7+ Kh8 15. Rxf7 Bd7 16. Raf1 b4 17. Ncd5 Qb7 18. Qc4 Bb5 19. Qxb4 a5 20. Rxf8+ Bxf8 21. Rxf8+ Rxf8 22. Qxd6 Qb8 23. Qxb8 Rxb8 24. c4 Bd7 25. Nf6 Be8 26. c5 a4 27. Bg8 Rb7 28. Nc8 Rc7 29. Nd6 Bd7 30. Bxh7 Be6 31. Bxg6 Bxa2 32. e5 Rxc5 33. Nf7+ Kg7 34. Bh5 Bxf7 35. Bxf7 Kxf7 36. Nd7 Rd5 37. Nb6 Rxe5 38. Nxa4 Rxe3 39. Kf2 Rb3 40. g3 Rb4 41. Nc5 Rxb2+ 42. Kf3 Rb5 43. Ne4 Kg6 44. g4 Rb3+ 45. Kf4 Rxh3 46. Ng5 Rh4 47. Ne6 Rxg4+ 48. Kxg4 1/2-1/2

[Event "Hull CC 29 Ann-B"]
[Site "Gatineau CAN"]
[Date "2008.09.30"]
[Round "4"]
[White "Thibault, Mario"]
[Black "Lemieux, Richard"]
[Result "1-0"]
[WhiteElo "1633"]
[BlackElo "1535"]
[PlyCount "120"]
[GameId "2160767910319905"]
[EventDate "2008.09.09"]
[EventType "swiss"]
[EventRounds "5"]
[EventCountry "CAN"]
[SourceTitle "EXT 2022"]
[Source "ChessBase"]
[SourceDate "2021.10.06"]
[SourceVersion "1"]
[SourceVersionDate "2021.10.06"]
[SourceQuality "1"]

1. Nf3 d5 2. b3 Nf6 3. e3 Bf5 4. Bb2 e6 5. Be2 Bd6 6. d3 Nbd7 7. Nbd2 c6 8. Nh4 Bg6 9. O-O Qc7 10. f4 Qb6 11. d4 Ne4 12. c4 Qd8 13. Nhf3 f5 14. Nxe4 fxe4 15. Ne5 Nxe5 16. fxe5 Be7 17. cxd5 exd5 18. Bg4 Bg5 19. Qe2 Rf8 20. Ba3 Rxf1+ 21. Rxf1 Be7 22. Bxe7 Qxe7 23. Qf2 Qf7 24. Qg3 Qc7 25. Rf4 Qe7 26. Qf2 a5 27. h4 h5 28. Bh3 b5 29. Bf5 Bxf5 30. Rxf5 g6 31. Rf6 a4 32. Rxg6 Kd7 33. Rf6 axb3 34. Rf7 bxa2 35. Rxe7+ Kxe7 36. Qf6+ Kd7 37. Qd6+ Kc8 38. Qxc6+ Kb8 39. Qxb5+ Kc7 40. Qc5+ Kb8 41. Qb4+ Kc7 42. Qc3+ Kd7 43. Qa1 Ke6 44. Kf2 Kf5 45. Ke1 Ra3 46. Ke2 Ra8 47. Qf1+ Ke6 48. Qf6+ Kd7 49. e6+ Kc7 50. Qe7+ Kb8 51. Qd6+ Ka7 52. Qc5+ Ka6 53. Qc6+ Ka7 54. Qc3 Kb7 55. e7 a1=Q 56. Qxa1 Rxa1 57. e8=Q Ra2+ 58. Kf1 Ra1+ 59. Kf2 Ra2+ 60. Kg3 Ra3 1-0

[Event "Hull CC 29 Ann-B"]
[Site "Gatineau CAN"]
[Date "2008.10.07"]
[Round "5"]
[White "Berthiaume, Patrick"]
[Black "Levesque, Andre"]
[Result "0-1"]
[WhiteElo "1201"]
[BlackElo "1418"]
[PlyCount "44"]
[GameId "2160767910319906"]
[EventDate "2008.09.09"]
[EventType "swiss"]
[EventRounds "5"]
[EventCountry "CAN"]
[SourceTitle "EXT 2022"]
[Source "ChessBase"]
[SourceDate "2021.10.06"]
[SourceVersion "1"]
[SourceVersionDate "2021.10.06"]
[SourceQuality "1"]

1. e4 c5 2. c3 Nc6 3. d4 cxd4 4. cxd4 d6 5. Nf3 Bd7 6. Nc3 a6 7. d5 Ne5 8. Nxe5 dxe5 9. f4 Qc7 10. Qf3 Nf6 11. h3 e6 12. fxe5 Qxe5 13. Bf4 Qd4 14. Rd1 Qc5 15. dxe6 Bxe6 16. Qd3 Be7 17. g4 Rd8 18. Qc2 O-O 19. e5 Nd5 20. Bg3 Qe3+ 21. Be2 Qxg3+ 22. Kf1 Ne3# 0-1

[Event "Hull CC 29 Ann-B"]
[Site "Gatineau CAN"]
[Date "2008.10.07"]
[Round "5"]
[White "Berthiaume, Serge"]
[Black "MacIsaac, Alexandre"]
[Result "0-1"]
[WhiteElo "1246"]
[BlackElo "1356"]
[PlyCount "51"]
[GameId "2160767910319907"]
[EventDate "2008.09.09"]
[EventType "swiss"]
[EventRounds "5"]
[EventCountry "CAN"]
[SourceTitle "EXT 2022"]
[Source "ChessBase"]
[SourceDate "2021.10.06"]
[SourceVersion "1"]
[SourceVersionDate "2021.10.06"]
[SourceQuality "1"]

1. d4 Nf6 2. c4 g6 3. Nc3 Bg7 4. Bf4 d6 5. Qd2 O-O 6. Bh6 Bxh6 7. Qxh6 Nc6 8. Nf3 e6 9. e3 Ne7 10. Bd3 b6 11. Ng5 Nf5 12. Bxf5 gxf5 13. Nd5 Re8 14. Nxf6+ Qxf6 15. Qxh7+ Kf8 16. Qh4 Kg7 17. Qf4 c5 18. O-O-O Rb8 19. Rd2 Rd8 20. h4 Ba6 21. b3 cxd4 22. Rxd4 Qe5 23. Qf3 f6 24. Nh3 Bb7 25. Qe2 Bxg2 26. Rg1 0-1

[Event "Hull CC 29 Ann-B"]
[Site "Gatineau CAN"]
[Date "2008.10.07"]
[Round "5"]
[White "Briere, Gilles"]
[Black "Jani, Louis"]
[Result "0-1"]
[WhiteElo "1289"]
[BlackElo "1467"]
[PlyCount "46"]
[GameId "2160767910319908"]
[EventDate "2008.09.09"]
[EventType "swiss"]
[EventRounds "5"]
[EventCountry "CAN"]
[SourceTitle "EXT 2022"]
[Source "ChessBase"]
[SourceDate "2021.10.06"]
[SourceVersion "1"]
[SourceVersionDate "2021.10.06"]
[SourceQuality "1"]

1. e4 c5 2. Bc4 d6 3. d3 Nf6 4. h3 a6 5. a4 e6 6. Nf3 Be7 7. Nc3 O-O 8. Be3 Re8 9. O-O Nc6 10. Nh2 d5 11. exd5 exd5 12. Nxd5 Nxd5 13. Qd2 Be6 14. Qe2 Qc7 15. Bxd5 Bxd5 16. c4 Be6 17. Qd2 Rad8 18. Nf3 Bxc4 19. Ra3 Be6 20. Rc3 c4 21. Qd1 Bf5 22. Ne1 Nb4 23. Rxc4 Qxc4 0-1

[Event "Hull CC 29 Ann-B"]
[Site "Gatineau CAN"]
[Date "2008.10.07"]
[Round "5"]
[White "Danilov, Alex"]
[Black "Arsenault, Yves"]
[Result "1-0"]
[WhiteElo "1906"]
[BlackElo "1458"]
[PlyCount "65"]
[GameId "2160767910319909"]
[EventDate "2008.09.09"]
[EventType "swiss"]
[EventRounds "5"]
[EventCountry "CAN"]
[SourceTitle "EXT 2022"]
[Source "ChessBase"]
[SourceDate "2021.10.06"]
[SourceVersion "1"]
[SourceVersionDate "2021.10.06"]
[SourceQuality "1"]

1. e4 c5 2. Nf3 Nc6 3. d4 cxd4 4. Nxd4 e5 5. Nb5 d6 6. N1c3 Nf6 7. Bg5 Be6 8. Nd5 Rc8 9. c4 a6 10. Nbc3 h6 11. Be3 Nd7 12. Bd3 g6 13. O-O Bg7 14. f4 exf4 15. Nxf4 O-O 16. Nxe6 fxe6 17. Qd2 g5 18. Be2 Nde5 19. b3 Ne7 20. Rad1 Nf7 21. Bg4 Qd7 22. Nd5 Rc6 23. Bd4 Nd8 24. Bxg7 Kxg7 25. Qb2+ Kg8 26. Rxf8+ Kxf8 27. Qf6+ Nf7 28. Bxe6 Qe8 29. Rf1 Nxd5 30. Qh8+ Ke7 31. Rxf7+ Kd8 32. Rf8 Nc7 33. Qf6# 1-0

[Event "Hull CC 29 Ann-B"]
[Site "Gatineau CAN"]
[Date "2008.10.07"]
[Round "5"]
[White "Labelle, Raymond"]
[Black "Sunatori, Evelyne"]
[Result "1-0"]
[WhiteElo "1314"]
[BlackElo "1170"]
[PlyCount "97"]
[GameId "2160767910319910"]
[EventDate "2008.09.09"]
[EventType "swiss"]
[EventRounds "5"]
[EventCountry "CAN"]
[SourceTitle "EXT 2022"]
[Source "ChessBase"]
[SourceDate "2021.10.06"]
[SourceVersion "1"]
[SourceVersionDate "2021.10.06"]
[SourceQuality "1"]

1. e4 e5 2. Nf3 Nc6 3. Bc4 Bc5 4. Nc3 Nf6 5. O-O O-O 6. d3 d6 7. Bg5 Be6 8. Bxe6 fxe6 9. Na4 Bd4 10. c3 Bb6 11. Nxb6 axb6 12. Nh4 Qe8 13. Qf3 h6 14. Bd2 g5 15. Qg3 Qh5 16. Nf3 Nh7 17. h3 Rf6 18. Nh2 Raf8 19. Rae1 Kg7 20. Re3 b5 21. Rf3 d5 22. Rxf6 Rxf6 23. Ng4 Rf8 24. Nxe5 Qe2 25. Bc1 b4 26. Nxc6 bxc6 27. cxb4 Rf7 28. Qe3 Qxe3 29. Bxe3 Rf8 30. Bd4+ Kg6 31. Rc1 dxe4 32. dxe4 Rd8 33. Be5 Nf6 34. Rxc6 Rd1+ 35. Kh2 Nxe4 36. f3 Nf2 37. Rxc7 Kf5 38. Bc3 Kf4 39. Rc4+ Ke3 40. Kg3 h5 41. Bd4+ Rxd4 42. Rxd4 Kxd4 43. Kxf2 Kc4 44. a3 e5 45. Ke3 Kd5 46. b5 Kc5 47. a4 Kb6 48. Ke4 Ka5 49. b3 1-0

[Event "Hull CC 29 Ann-B"]
[Site "Gatineau CAN"]
[Date "2008.10.07"]
[Round "5"]
[White "Lacourse, Guy"]
[Black "Carriere, Stephen"]
[Result "1-0"]
[WhiteElo "1562"]
[BlackElo "1290"]
[PlyCount "39"]
[GameId "2160767910319911"]
[EventDate "2008.09.09"]
[EventType "swiss"]
[EventRounds "5"]
[EventCountry "CAN"]
[SourceTitle "EXT 2022"]
[Source "ChessBase"]
[SourceDate "2021.10.06"]
[SourceVersion "1"]
[SourceVersionDate "2021.10.06"]
[SourceQuality "1"]

1. d4 d5 2. c4 c6 3. cxd5 cxd5 4. Nc3 a6 5. Nf3 f6 6. e4 dxe4 7. Nxe4 Nd7 8. Bd3 e5 9. O-O b5 10. dxe5 fxe5 11. Bg5 Be7 12. Nd6+ Kf8 13. Qb3 Bxd6 14. Bxd8 Bb7 15. Ng5 Ke8 16. Ba5 Nh6 17. Qe6+ Be7 18. Bg6+ hxg6 19. Qxg6+ Nf7 20. Qxf7# 1-0